| 000 | 00676cab a2200241 4500 | ||
|---|---|---|---|
| 001 | WB3511-04 | ||
| 008 | 090401t1999 xxu||||| |||| 00| 0 eng d | ||
| 035 | _a(Sirsi) u92188 | ||
| 041 | _aeng | ||
| 245 | _aTaylor Woodrow target for housing growth | ||
| 260 | _c1999 | ||
| 350 | _a0 | ||
| 490 |
_aFinancial Times _v17 March 1999, 23(1) |
||
| 520 | _aThe construction group Taylor Woodrow aims to double their UK housing operation over the next five years. | ||
| 650 | _aFORECASTS | ||
| 650 | _aHOUSE BUILDING | ||
| 650 | _aINCREASE | ||
| 650 | _aTAYLOR WOODROW | ||
| 650 | _aUNITED KINGDOM | ||
| 690 | _aBUILT ENVIRONMENT | ||
| 942 | _n0 | ||
| 948 | _c17/03/1999 | ||
| 999 |
_c58450 _d58450 |
||